| 000 | 00644nam a2200217Ia 4500 | ||
|---|---|---|---|
| 003 | GCL | ||
| 008 | 140319s9999 xx 000 0 ara d | ||
| 040 |
_aGCL / _cGCL |
||
| 082 | 0 | 4 |
_a226 _bع ت |
| 100 | 1 | _aعبدالحليم حنفى | |
| 245 | 1 | 0 |
_aالتصوير الساخر فى القران الكريم / _cعبدالحليم حنفى |
| 260 |
_a[S.N] : _bالهيئة المصرية العامة للكتاب ، _c1992 |
||
| 300 | _a241 ص | ||
| 490 | _a | ||
| 650 | 0 | 4 | _aالاسلام |
| 650 | 0 | 4 | _aالسخرية |
| 650 | 0 | 4 | _aالديانات |
| 650 | 0 | 4 | _aفقه القرأن |
| 650 | 0 | 4 | _aالقران |
| 942 |
_2ddc _cBK |
||
| 999 |
_c29222 _d29222 |
||